Программа по химии для инженерно-экономических специальностей вузов

書誌詳細
その他の著者: Тарасова И. С. (редактор)
言語:ロシア語
出版事項: Москва, Высшая школа, 1970
主題:
フォーマット: MixedMaterials 図書
KOHA link:https://koha.lib.tpu.ru/cgi-bin/koha/opac-detail.pl?biblionumber=262624

MARC

LEADER 00000nam0a2200000 4500
001 262624
005 20231101233653.0
035 |a (RuTPU)RU\TPU\book\285607 
035 |a RU\TPU\book\285299 
090 |a 262624 
100 |a 20140603d1970 m y0rusy50 ca 
101 0 |a rus 
102 |a RU 
105 |a y j 000zy 
200 1 |a Программа по химии для инженерно-экономических специальностей вузов  |f под ред. И. С. Тарасовой 
210 |a Москва  |c Высшая школа  |d 1970 
215 |a 13 с. 
606 1 |a Химия  |2 stltpush  |3 (RuTPU)RU\TPU\subj\17362  |9 43035 
610 1 |a учебные программы 
675 |a 54(076.5)  |v 3 
702 1 |a Тарасова  |b И. С.  |4 340 
801 1 |a RU  |b 63413507  |c 20140530 
801 2 |a RU  |b 63413507  |c 20140605  |g RCR 
942 |c BK